Famous Jimmys Quiz Stats

 Plays Quiz Updated Mar 6, 2012

Also try: Famous Sidekicks
Challenge
Share
Tweet
Embed
Score 0/20 Timer 06:00
0 Plays Today
Hint Jimmy % Correct
39th President of the United StatesJimmy Carter
91.4%
Often considered to be the greatest electric guitarist in the history of rock musicJimi Hendrix
82.9%
Country music singer and king of sausage...we'll miss you!Jimmy Dean
79.4%
He's been wasting away in Margaritaville for quite some time nowJimmy Buffett
74.4%
Nickelodeon's animated boy geniusJimmy Neutron
68.8%
Co-host of 'Win Ben Stein's Money' and late-night talk show host for ABCJimmy Kimmel
68.7%
Actor in 'Mr. Smith Goes to Washington' and 'It's a Wonderful Life'Jimmy Stewart
64.6%
SNL alum and late-night talk show hostJimmy Fallon
64.3%
Part of the International Brotherhood of Teamsters Union; disappeared in 1975Jimmy Hoffa
61.9%
Member of The Yardbirds founding member of Led ZeppelinJimmy Page
55.2%
Hint Jimmy % Correct
Former World No. 1 tennis player and 8 time Grand Slam singles titles winnerJimmy Connors
51.9%
He played Detective Bobby Simone on NYPD BlueJimmy Smits
46.5%
Gourmet sandwich franchise, mmmm.....Bootlegger ClubJimmy John's
45.9%
Who you might look to for flats, sandals, or platformsJimmy Choo
44.9%
MVP shortstop for the Philadelphia PhilliesJimmy Rollins
43.2%
North Carolina State basketball coach and founder of the Jimmy V FoundationJimmy Valvano
37.4%
Photojournalist for the Daily Planet and Superman sidekickJimmy Olsen
33.3%
This 'Good Times' actor is Dy-no-mite!Jimmie Walker
31.8%
American pastor and televangelist and high-profile sex scandal participantJimmy Swaggart
24.9%
Much parodied star from 'It's a Mad, Mad, Mad, Mad World'Jimmy Durante
15.1%

You're not logged in!

Compare scores with friends on all Sporcle quizzes.
Join for Free
OR
Log In

You Might Also Like...

Show Comments

Extras

Top Quizzes Today


Score Distribution

Your Account Isn't Verified!

In order to create a playlist on Sporcle, you need to verify the email address you used during registration. Go to your Sporcle Settings to finish the process.

Report this User

Report this user for behavior that violates our Community Guidelines.

Details: